| 000 | 01200cam a2200385 i 4500 | ||
|---|---|---|---|
| 001 | 17623177 | ||
| 003 | OSt | ||
| 005 | 20150408114200.0 | ||
| 008 | 130212t20132013nyua 000 0 eng | ||
| 010 | _a 2012044884 | ||
| 020 | _a9780071781749 (set : alk. paper) | ||
| 020 | _a0071781749 (set : alk. paper) | ||
| 020 | _a9780071781718 (p/n book) | ||
| 020 | _a0071781174 (p/n book) | ||
| 020 | _a9780071781725 (p/n CD) | ||
| 020 | _a007178722 (p/n CD) | ||
| 040 |
_aDLC _beng _cDLC _erda _dDLC |
||
| 042 | _apcc | ||
| 050 | 0 | 0 |
_aTK5105.5 _b.H368 2013 |
| 082 | 0 | 0 |
_a005.8 _223 _bHSC |
| 100 | 1 | _aHarris, Shon. | |
| 245 | 1 | 0 |
_aCISSP exam guide / _cShon Harris. |
| 246 | 3 | _aCISSP all-in-one exam guide | |
| 250 | _aSixth edition. | ||
| 300 |
_axxiii, 1430 pages : _billustrations ; _c24 cm |
||
| 300 | _a1 CD-ROM (4 3/4 in.). | ||
| 490 | 0 | _aAll-in-one | |
| 500 | _aPrevious ed.: 2010. | ||
| 500 | _aIncludes index. | ||
| 650 | 0 |
_aComputer networks _xExaminations _vStudy guides. |
|
| 650 | 0 |
_aElectronic data processing personnel _xCertification. |
|
| 906 |
_a7 _bcbc _corignew _d1 _eecip _f20 _gy-gencatlg |
||
| 942 |
_2ddc _cBOOK |
||
| 999 |
_c32896 _d267396 |
||